00822nam a2200241Ia 450000100060000000300090000600800410001504000130005604000130006904100130008210000240009510000290011924500360014824501110018425000110029526000110030626000120031726000490032930000590037850000870043765000250052465000310054911443IT-RoPAU130308s9999 xx 000 0 und d aIT-RoPAU cIT-RoPAU aITALIANO aOlivier-Martin Yves gCodice Aut. SPICS: 3083 aSociologia del romanzo popolare bParaletteratura (La)-Il Melodramma, Il romanzo Popolare, Il Fotoromanzo, Il romanzo Poliziesco, Il Fumetto a1a ed. aNAPOLI bLiguori c1977 [1° Ed.:1977 - Ed.Ling.Originale:1970] a"17 p. (prefazione: no ; testo: 17 [pagine: 143-159])" aRomanzo Popolare e Questione Sociale Romanzo Popolare e Grandi Questioni del Tempo aSAGGI DI LINGUISTICA eCodice materia Spics: 3207